00582nam a2200169 a 4500008004100000020001500041050001600056110002500072245012300097260002200220300001900242350000900261500006400270650001000334650003800344650003000382061106s2006 ||||||||||||||||| || u a9982870025 aHG 1353.A62 aBank Of Zambia (BOZ)10aFacing the challenges of the 21st century: report on the proceedings of the 40th anniversary Bank of Zambia conference aLusakabBOZc2006 aiv;189p.; ill. a0.00 aHeld at the Pamodzi Hotel in Lusaka-Zambia, August 5-6 2004 aBANKS aGOVERNMENT REFORMS--BANKS--ZAMBIA aBANKS AND BANKING--ZAMBIA